000 00791nam a2200145Ia 4500
005 20240805030135.0
008 240331s9999 xx 000 0 und d
082 _bCLA
_a398.0954
100 _aClaus, P.J
245 0 _aFolkloristics and Indian folklore
260 _aIndia
_bRegional Resources center for folk performing Arts
_c1991
300 _a217 p .,
500 _aFolkloristics and Indian folklore has been written specifically for Indian students of folklore. In illustrating the use of modern theories and approaches to study folklore this book makes extensive use of Indian examples and draws upon materials from the length and breadth of the Indian subcontinent. it also includes two extensive bibliographies listing the latest, most modern materials of world folklore
942 _cL
999 _c2999
_d2999